Data acquisition (Record no. 61523)

000 -LEADER
fixed length control field 00430nam a22001697a 4500
003 - CONTROL NUMBER IDENTIFIER
control field NUST-PNEC
005 - DATE AND TIME OF LATEST TRANSACTION
control field 20170116180724.0
008 - FIXED-LENGTH DATA ELEMENTS--GENERAL INFORMATION
fixed length control field 141030b xxu||||| |||| 00| 0 eng d
040 ## - CATALOGING SOURCE
Transcribing agency PNEC
082 ## - DEWEY DECIMAL CLASSIFICATION NUMBER
Classification number 621.38 HAR
100 ## - MAIN ENTRY--PERSONAL NAME
9 (RLIN) 874
Personal name Harris
245 ## - TITLE STATEMENT
Title Data acquisition
260 ## - PUBLICATION, DISTRIBUTION, ETC.
Place of publication, distribution, etc. Mel. Florida,
Name of publisher, distributor, etc. Harris Corporation
Date of publication, distribution, etc. 1991
300 ## - PHYSICAL DESCRIPTION
Extent 1 v. (various pagings) :
Other physical details ill. ;
Dimensions 23 cm.
650 ## - SUBJECT ADDED ENTRY--TOPICAL TERM
General subdivision EL, EE
942 ## - ADDED ENTRY ELEMENTS (KOHA)
Source of classification or shelving scheme
Koha item type Book
Holdings
Withdrawn status Lost status Source of classification or shelving scheme Damaged status Not for loan Permanent Location Current Location Shelving location Date acquired Source of acquisition Total Checkouts Full call number Barcode Date last seen Price effective from Koha item type
          Pakistan Navy Engineering College (PNEC) Pakistan Navy Engineering College (PNEC) Reference   Donated   621.38 HAR PNECLIB-019036 10/30/2014 10/30/2014 Book
© 2023 Central Library, National University of Sciences and Technology. All Rights Reserved.